Participantes do Campeonato Brasileiro 2018 - Série A - Statistics

Estatísticas Gerais
  • Esse quiz foi jogado 65 vezes
  • A pontuação média é 20 de 20
Estatísticas das Respostas
Cidade/UF Resposta % Correto
Belo Horizonte/MG Atlético Mineiro
100%
Salvador/BA Bahia
100%
Belo Horizonte/MG Cruzeiro
100%
Santos/SP Santos
100%
Rio de Janeiro/RJ Vasco da Gama
100%
Salvador/BA Vitória
100%
Curitiba/PR Atlético Paranaense
98%
Fortaleza/CE Ceará
98%
Chapecó/SC Chapecoense
98%
São Paulo/SP Corinthians
98%
Rio de Janeiro/RJ Flamengo
98%
Rio de Janeiro/RJ Fluminense
98%
Porto Alegre/RS Grêmio
98%
Porto Alegre/RS Internacional
98%
São Paulo/SP Palmeiras
98%
São Paulo/SP São Paulo
98%
Recife/PE Sport
98%
Belo Horizonte/MG América
96%
Rio de Janeiro/RJ Botafogo
96%
Curitiba/PR Paraná
92%
Nenhum quiz correspondente encontrado
Distribuição das Pontuações
Porcentagem de Pessoas com Cada Pontuação
Percentil de Números Respondidos
Sua Pontuação Histórica
Você não jogou esse quiz